Most Played Songs Live - Red Hot Chili Peppers - Statistics

General Stats
  • This quiz has been taken 1,230 times
  • The average score is 9 of 15
Answer Stats
Times Played Answer % Correct
505 Californication
96%
619 Under the Bridge
93%
485 By the Way
83%
471 Can't Stop
83%
276 Dani California
82%
504 Scar Tissue
82%
726 Give it Away
80%
412 Otherside
73%
386 Around the World
56%
327 Suck My Kiss
55%
265 Parallel Universe
33%
270 Don't Forget Me
17%
483 Me & My Friends
17%
272 I Could Have Lied
14%
463 Right on Time
13%
No matching quizzes found
Score Distribution
Percent of People with Each Score
Percentile by Number Answered
Your Score History
You have not taken this quiz